00587nam a2200205 a 450000100060000000300090000600800410001502000150005604000280007108200190009910000170011824500460013525000060018126000300018730000110021765000400022865000270026865000400029565000460033518346CO-ViMGA141112s2004 ck r 000 u spa d a9706860142 aCO-ViMGAbspacCO-ViMGA04a658.1599 M138a1 aMadura, Jeff10aAdministración Financiera Internacional a6 aMexico, cThomson, c2001 a660.p.14aADMINISTRACION DE ACTIVOS Y PASIVOS14aBANCOS INTERNACIONALES14aEMPRESAS INTERNACIONALES - FINANZAS14aFINANZAS INTERNACIONALES - TASA DE CAMBIO